000 00457nmm a2200145Ia 4500
008 251105s9999||||xx |||||||||||||||||und||
041 _aspa
245 0 _aEn la línea de la libertad :
_b Cuentos antifascistas
264 _a[Madrid, España] :
_bEditorial Popular,
_c2007
300 _a189 páginas
490 _aLetra grande Serie Maior
650 _aTeen & Young Adult Fiction
856 _uhttps://public.digitaliapublishing.com/a/155348
942 _cCF
999 _c99749
_d99749